مكتبة جامعة عجلون الوطنية

فهرس بحث المكتبة

Normal view MARC view
  • Edited: Cook, S.A/ F.E. Adcock / M.P.Charlesworth/ N.H.Baynes

Entry Personal Name

Number of records used in: 1

001 - CONTROL NUMBER

  • control field: 5584

003 - CONTROL NUMBER IDENTIFIER

  • control field: JO-AjAnu

005 - DATE AND TIME OF LATEST TRANSACTION

  • control field: 20230606071216.0

008 - FIXED-LENGTH DATA ELEMENTS

  • fixed length control field: 230606|| aca||aabn | a|a d

040 ## - CATALOGING SOURCE

  • Original cataloging agency: JO-AjAnu
  • Transcribing agency: JO-AjAnu

100 ## - HEADING--PERSONAL NAME

  • Personal name: Edited: Cook, S.A/ F.E. Adcock / M.P.Charlesworth/ N.H.Baynes

670 ## - SOURCE DATA FOUND

  • Source citation: Work cat.: (JO-AjAnu)2888: Edited: Cook, S.A/ F.E. Adcock / M.P.Charlesworth/ N.H.Baynes, author, The Cambridge ancient history : volume xii the imperial crisis and recovery